| 000 | 00510nam a2200169 4500 | ||
|---|---|---|---|
| 001 | 136112 | ||
| 003 | ES-MaACL | ||
| 005 | 20240524062958.0 | ||
| 007 | t| | ||
| 008 | 070214s1954 sp r ||||1| spa d | ||
| 100 | 1 |
_aRuiz Peña, Juan, _d1915-1992 _9100896 |
|
| 245 | 1 | 0 |
_aLenguas y literaturas españolas / _cpor Juan Ruiz Peña. |
| 260 |
_aBurgos : _b[s. n.], _c1954 ( _fImpo. Hijos de Santiago Rodríguez) |
||
| 300 |
_a3 v. ; _c19 cm. |
||
| 852 |
_aES-MaACL _jE-4943-5 |
||
| 999 |
_c136112 _d136112 |
||